000 00313nab a22001097u 4500
008 130520b1987 xxu||||| |||| 00| 0 spa d
041 _aspa
100 1 _aFleet, M.
_967183
245 0 0 _aAnálisis de la situación en Chile
_cM. Fleet
773 0 _tConcilium
_gV.2,1987,págs.263-275
_x0210-1041
_wRev134
942 _cAR
999 _c355316
_d355316